000 01463cam a2200385 i 4500
001 31557
003 Mx-PuUPA
005 20251106111843.0
008 140415s1977 sp a gr 001 0 spa d
017 _aB.0.813 - 1977
020 _a8485083040
040 _aMx-PuUPA
_cMx-PuUPA
_bspa
_dMx-PuUPA
_erda
041 1 _aspa
_hfre
043 _an-us---
100 0 _aLe Corbusier,
_d1887-1965
_916831
240 1 0 _aQuand les cathédrales étaient blanches.
_lEspañol
245 1 0 _aCuando las catedrales eran blancas /
_cLe Corbusier ; traducción del francés, Julio E. Payró
250 _aPrimera edición /
_bespañola
264 1 _aBarcelona, España :
_bEditorial Poseidon,
_c1977
300 _a292 páginas :
_bilustraciones (blanco y negro) ;
_c22 cm
336 _2rdacontent
_atexto
_btxt
337 _2rdamedia
_asin medio
_bn
338 _2rdacarrier
_avolumen
_bnc
600 0 0 _aLe Corbusier,
_d1887-1965
_916831
650 7 _2armarc
_aArquitectura moderna
_ySiglo XX
_zEstados Unidos
650 7 _2armarc
_aArquitectura
_zNueva York
650 7 _2armarc
_aArte
_xFilosofía
651 4 _aEstados Unidos
_xDescripción y viajes
700 1 _aPayró, Julio E.,
_etraductor
765 0 _aLe Corbusier
_tQuand les cathédrales étaient blanches
942 _cLI
_2ddc
_h720.9730904
_iL4518
999 _c31557
_d31557